00589nam a2200133 a 450000100100000000500170001000800410002704000240006808200080009211000420010024501670014226001200030930000260042900002969620200930055734.0110425s1984 dr 000 s spa d aDO-SdBNPbspacBNPD axxx aGobierno de Concentración Nacional.10aDiscurso pronunciado por el ciudadano presidente, Dr. Salvador Jorge Blanco en la ciudad de Azua, con motivo de la conmemoración de la Batalla del 19 de Marzo/. aAzua, República Dominicana :bDirección General de Información, Publicidad y Prensa de la Presidencia,c1984. a9 p. :bil. ;c21 cm.